Statistiche per I 50 cognomi più diffusi in Italia

Clicka qui per fare il quiz!

Statistiche generali

  • Questo quiz è stato fatto 52 volte
  • Il punteggio medio è 10 su 50

Statistiche sulle risposte

# FamiglieCognome% Corretto
77.913Rossi
100%
31.620Bianchi
87%
35.635Esposito
74%
50.312Russo
56%
44.693Ferrari
49%
29.508Romano
41%
28.825Colombo
33%
21.657Conti
33%
24.984Ricci
33%
27.272Bruno
28%
21.905Gallo
28%
16.870Bianco
26%
14.697Conte
26%
15.568Galli
26%
15.342Ferrara
23%
17.677Barbieri
21%
19.229Mancini
21%
16.605Martini
21%
19.420Rizzo
21%
15.916Mariani
18%
18.180Lombardi
15%
13.385Marini
15%
19.022Villa
15%
13.297Fabbri
13%
18.115Fontana
13%
21.551Greco
13%
23.726Marino
13%
21.166Martino
13%
17.546Moretti
13%
22.607Costa
10%
14.066D'Angelo
10%
13.234Fiore
10%
22.427Franco
10%
14.536Sala
10%
19.993Giordano
8%
15.071Leone
8%
14.749Longo
8%
13.468Marchetti
8%
14.298Martinelli
8%
18.750Mauro
8%
15.888Rinaldi
8%
14.851Santoro
8%
14.154Serra
8%
15.727Amato
5%
15.283Caruso
5%
13.514Dalla
5%
15.053Mario
5%
17.901Roberto
3%
13.368Salvatore
3%
15.994Fatelli
0%

Distribuzione punteggi

Percentile per numero di risposta

Percentuale di utenti per punteggio

I tuoi punteggi nel tempo

Non hai fatto questo quiz